Statistics for Band Members Quiz #1

Click here to take the quiz!

General Stats

  • This quiz has been taken 50,958 times
    (25,460 since last reset)
  • The average score is 13 of 22

Answer Stats

MembersGroup% Correct
Lennon, McCartney, Harrison, StarrThe Beatles
99%
Jackson, Jackson, Jackson,
Jackson, Jackson
The Jackson 5
97%
Van Halen, Van Halen, Anthony, RothVan Halen
85%
Sting, Summers, CopelandThe Police
80%
Rose, Slash, Stradlin, McKagen, AdlerGuns N' Roses
77%
Gibb, Gibb, GibbThe Bee Gees
67%
Rotten, Jones, Cook, ViciousSex Pistols
62%
Collins, Gabriel, Banks,
Hackett, Rutherford
Genesis
59%
Clapton, Bruce, BakerCream
59%
White, WhiteThe White
Stripes
59%
Stefani, Kanal, Young, DumontNo Doubt
58%
Tyler, Hamilton, Kramer, Perry, WhitfordAerosmith
57%
Waters, Mason, Wright, GilmourPink Floyd
54%
Wilson, Wilson, Wilson,
Jardine, Love
Beach Boys
54%
Michael, RidgeleyWham!
52%
Vedder, Ament, Gossard, McCreadyPearl Jam
47%
Sixx, Lee, Mars, NeilMötley Crüe
39%
Wahlberg, Wood, McIntyre,
Knight, Knight
New Kids
on the Block
39%
Strummer, Jones, Simonon, ChimesThe Clash
38%
Mike D, MCA, Ad-RockBeastie Boys
36%
de la Rocha, Morello,
Commerford, Wilk
Rage Against
the Machine
32%
Byrne, Frantz, Weymouth, HarrisonTalking Heads
29%

Score Distribution

Percentile by Number Answered

Percent of People with Each Score

Your Score History

You have not taken this quiz since the last reset